000 00859nam a2200253 a 4500
001 000034951
005 20240412074257.0
008 111021s1992 ii 000 p spa d
040 _aDO-SdBNP
_bspa
_cBNPHU
082 _aRD861.44
_bB533b
100 1 _aBerroa, Rei,
_d1949-
_9160
245 1 0 _aBook of fragments /
_cRei Berroa ; translated from spanish by Tom Jones and the author.
250 _aEd. bilingual
260 _aCalcutta, India :
_bP. Lal,
_c1992.
300 _a124 p. ;
_c22 cm.
490 0 _aWriters workshop
500 _aTexto en español e inglés
590 _aPerteneció a la biblioteca personal de Juan Isidro Jimenes Grullón.
590 _aInventariado, 2018/LP
650 0 _aPoesía dominicana
_966
650 0 _aLiteratura dominicana.
_967
700 1 2 _aJones, Tom,
_etrad.
_960541
910 _aValidado. Control de calidad MFF
999 _c34442
_d34442